| 000 | 00970pam a2200301 a 4500 | ||
|---|---|---|---|
| 001 | 13022 | ||
| 003 | BD-RjUL | ||
| 005 | 20211208235407.0 | ||
| 008 | 140130r20071995ii a b 001 0 eng | ||
| 020 | _a0070601755 | ||
| 035 | _a(BD-RjUL)13072 | ||
| 040 |
_aDLC _cDLC _dDLC _dBD-RjUL _beng |
||
| 041 | _aeng | ||
| 082 | 0 | 0 |
_a621.395 _219 _bLED 2007 |
| 100 | 1 |
_aLeach, Donald P. _920099 |
|
| 245 | 1 | 0 |
_aDigital principles and applications / _cDonald P. Leach, Albert Paul Malvino, and Goutam Sah |
| 250 | _a6th ed. | ||
| 260 |
_aNew Delhi ; _aNew York : _bMcGraw-Hill, _c1995 [reprinted 2007]. |
||
| 300 |
_axxii, 683 p. : _bill. ; _c24 cm. |
||
| 504 | _aIncludes bibliographical references and index. | ||
| 650 | 0 |
_aDigital electronics. _919985 |
|
| 650 | 0 |
_aElectronic digital computers _xCircuits. _920100 |
|
| 700 | 1 |
_aMalvino, Albert Paul. _920101 |
|
| 700 | 1 |
_aSaha, Goutam. _940578 |
|
| 942 |
_2ddc _cBK |
||
| 999 |
_c13022 _d13022 |
||